000 01430nam a2200205 a 4500
001 000022159
005 20200930011616.0
008 090904s19051918sp 000 0 spa d
040 _aDO-SdBNP
_bspa
_cBNPHU
082 _a946
_bN964b
245 0 0 _aNueva biblioteca de autores españoles /
_cbajo la dirección de Marcelino Menéndez y Pelayo.
260 _aMadrid :
_bBailly-Bailliére,
_c1905-1918.
300 _a25 v. ;
_c26 cm.
500 _aLa biblioteca posee los volumenes 2; 11, t2; 21, t.4; 22, t.2; 25, t.1
505 0 _gv. 1.
_tOrígenes de la dominación española en América: estudios históricos /
_rManuel Serrano y Sanz --
_gv. 2.
_tAutobiografías y memorias /
_rM. Serrano y Sanz --
_gv.6.
_tLibros de caballerías : 2ª pte. Ciclo de los Palmerines. Extravagantes. Glosario. Variantes. Correcciones. Indices
_rAdolfo Bonilla y San Martín --
_gv.11.
_tLibro de caballerías : 2ª parte. Libro de los Palmarines. Extravagantes . Glosario. Variantes. Correcciones. Indices/
_rAdolfo Bonilla y San Martín
_gv. 21.
_tOrígenes de la novela /
_rD. M. Menéndez y Pelayo --
_gv. 22.
_tCancionero castellano del siglo XV/
_gV.25.
_tOrígenes de la dominación española en América
_rManuel Serrana y Sanz
_rR. Foulché-Delbosc --
650 4 _aHistoria
_xInvestigaciones
_zEspaña
_945862
651 4 _aEspaña
_xHistoria
_98844
700 1 2 _aMenéndez y Pelayo, Marcelino,
_d1856-1912
_93901
910 _aValidado. Control de calidad MFF
999 _c21657
_d21657